Managing Records: A handbook of Principles and Practice. (Record no. 2517)

MARC details
005 - DATE AND TIME OF LATEST TRANSACTION
control field 20250522131436.0
020 ## - INTERNATIONAL STANDARD BOOK NUMBER
International Standard Book Number 978-1-85604-370-0
082 ## - DEWEY DECIMAL CLASSIFICATION NUMBER
Classification number 658.4
100 ## - MAIN ENTRY--PERSONAL NAME
Author name SHEPHERD, E.
245 ## - TITLE STATEMENT
Title Managing Records: A handbook of Principles and Practice.
260 ## - PUBLICATION, DISTRIBUTION, ETC.
Place of publication, distribution, etc. London,
Name of publisher, distributor, etc. Facet Publishing,
Date of publication, distribution, etc. 2003.
300 ## - PHYSICAL DESCRIPTION
Extent xiv,317p.;
Other physical details ill.;
Dimensions 23cm.
700 ## - ADDED ENTRY--PERSONAL NAME
Other authors/Editors YEO, G.
942 ## - ADDED ENTRY ELEMENTS (KOHA)
Source of classification or shelving scheme Dewey Decimal Classification
Koha item type Books
Holdings
Date last seen Total checkouts Full call number Barcode Cost, replacement price Price effective from Koha item type Lost status Source of classification or shelving scheme Damaged status Not for loan Withdrawn status Home library Current library Shelving location Date acquired Cost, normal purchase price
05/22/2025   658.4SHE DOM00056 631440.00 05/22/2025 Books   Dewey Decimal Classification       CBE Dodoma CBE Dodoma Special Reserve Collection 03/12/2025 210480.00
05/22/2025   658.4SHE DOM0003617 631440.00 05/22/2025 Books   Dewey Decimal Classification       CBE Dodoma CBE Dodoma   03/12/2025 210480.00